Préfectures et sous-préfectures commençant par la lettre A - Statistiques

Statistiques générales
  • Ce quiz a été pris 191 fois
  • Le résultat moyen est 18 sur 32
Statistiques - réponses
Préf/Sous-préf. % Correct
Amiens
89%
Angers
86%
Annecy
83%
Arras
81%
Albi
77%
Alençon
75%
Angoulême
73%
Agen
71%
Ajaccio
69%
Arles
68%
Auch
67%
Aurillac
67%
Auxerre
66%
Avignon
66%
Aix-en-Provence
65%
Abbeville
61%
Alès
54%
Argenteuil
52%
Arcachon
47%
Avranches
44%
Les {Andelys}
44%
Albertville
40%
Apt
38%
Autun
38%
Aubusson
35%
Argentan
34%
Avallon
31%
Ambert
30%
Antony
30%
Argelès-Gazost
29%
Altkirch
25%
Avesnes-sur-Helpe
24%
Aucun quiz correspondant
Distribution des résultats
% des personnes avec chaque résultat
Percentile par nombre de réponses
Votre historique - résultats
Vous n’avez pas pris ce quiz